00267nam a2200097Ia 4500008004100000082001200041100002800053245004900081260000900130300003000139190415s9999 xx 000 0 und d aRK.0126 aKrishnaswamiengar, B.S. 0aHistory of medieval Karnataka : With sources c1967 aFeudatory Dynasties 585p.